000 00989nam a22002297a 4500
005 2010080708588.0
010 _aHIN-90067
020 _c175.00
_a9788173157639
035 _aHN-62413
037 _bDBAD / PUB
082 _a781
245 _aआकाशवाणी:
_cसंजय कुमार द्वारा संपादित
_bसमाचार की दुनिया /
246 _aAakashvani
_bEdited by Sanjay Kumar
260 _aनई दिल्ली
_bप्रभात प्रकाशन
_c2010
270 _a4/19, आसफ अली रोड़
_bनई दिल्ली
_e110002
300 _a128पृ
_c22सेमी (सजिल्द)
_bसचित्र
700 _97228
_aसंजय कुमार
700 _97267
700 _97698
942 _adpl
_cHN
_k
_2ddc
_mआकाश
_h781
999 _c40175
_d40175